[Event "2. Bundesliga West 2018/19"]
[Site "5202 Neumarkt am Wallersee"]
[Date "2018.10.14"]
[Round "3"]
[Board "5"]
[White "Loeffler, Christoph"]
[Black "Wuppinger, Manfred"]
[Result "1-0"]
[WhiteElo "2125"]
[BlackElo "2036"]
[PlyCount "69"]
[EventDate "2018.10.12"]
[EventType "team"]
[EventRounds "11"]
[EventCountry "AUT"]
[WhiteTeam "ASK Salzburg"]
[BlackTeam "Sparkasse Neumarkt"]

1. f4 d5 2. Nf3 Nc6 3. e3 Nf6 4. b3 a6 5. Bb2 g6 6. Ne5 Bg7 7. Nxc6 bxc6 8. Be2
Nh5 9. Nc3 Nf6 10. Na4 O-O 11. Bf3 Re8 12. Qe2 Nd7 13. Bxg7 Kxg7 14. d4 e6 15.
g4 Qh4+ 16. Kd2 Qe7 17. h4 c5 18. g5 cxd4 19. exd4 Qd6 20. Qh2 Bb7 21. h5 Rh8
22. Rae1 h6 23. Qh4 Nf8 24. Nc5 Bc8 25. Nd3 hxg5 26. fxg5 gxh5 27. Bxh5 Ng6 28.
Qf2 Qe7 29. Qg3 Qd6 30. Ne5 Qb4+ 31. c3 Qa3 32. Bxg6 Rxh1 33. Rxh1 fxg6 34. Qf4
Qe7 35. Rh6  1-0

[Event "2. Bundesliga West 2018/19"]
[Site "5202 Neumarkt am Wallersee"]
[Date "2018.10.14"]
[Round "3"]
[Board "6"]
[White "Baier, Patrick"]
[Black "Herrmann, Michael"]
[Result "0-1"]
[WhiteElo "2008"]
[BlackElo "2124"]
[PlyCount "122"]
[EventDate "2018.10.12"]
[EventType "team"]
[EventRounds "11"]
[EventCountry "AUT"]
[WhiteTeam "Sparkasse Neumarkt"]
[BlackTeam "ASK Salzburg"]

1. Nf3 d5 2. g3 Nf6 3. Bg2 c6 4. d3 h6 5. O-O Bf5 6. Nfd2 e5 7. e4 Be6 8. Nc3
Be7 9. Qe1 d4 10. Nd1 Nfd7 11. f4 f6 12. Nf3 g5 13. Nf2 c5 14. h3 Nc6 15. c3
Qb6 16. c4 O-O-O 17. Qe2 Rdg8 18. f5 Bf7 19. g4 h5 20. Nh1 hxg4 21. hxg4 Rh7
22. Ng3 Rgh8 23. Kf2 Kb8 24. Rh1 Rxh1 25. Nxh1 Ka8 26. Ng3 Kb8 27. Qc2 Nb4 28.
Qb3 Nc6 29. Bd2 Qxb3 30. axb3 Ka8 31. Ke2 Kb8 32. Kd1 Kc7 33. Kc2 Ndb8 34. Rh1
Rxh1 35. Nxh1 Na6 36. Bf1 Nab4+ 37. Bxb4 Nxb4+ 38. Kb1 Kd7 39. Nf2 Bd8 40. Ne1
Ba5 41. Nc2 Nxc2 42. Kxc2 Be1 43. Nd1 Kc6 44. Be2 Kb6 45. Bf3 Ka5 46. Be2 Kb4
47. Bf3 a5 48. Be2 Be8 49. Bf1 a4 50. bxa4 Bxa4+ 51. Kc1 Bb3 52. Be2 Bg3 53.
Kb1 b5 54. cxb5 Kxb5 55. Bf3 Kb4 56. Be2 Be1 57. Kc1 c4 58. Bf1 c3 59. bxc3+
dxc3 60. Be2 Bd2+ 61. Kb1 c2+  0-1

[Event "2. Bundesliga West 2018/19"]
[Site "OMICRON Electronics"]
[Date "2018.12.08"]
[Round "4"]
[Board "1"]
[White "Sergeev, Vladimir"]
[Black "Bilchinski, Anton"]
[Result "1-0"]
[WhiteElo "2412"]
[BlackElo "2301"]
[PlyCount "51"]
[EventDate "2018.10.12"]
[EventType "team"]
[EventRounds "11"]
[EventCountry "AUT"]
[WhiteTeam "Bregenz"]
[BlackTeam "Pradl"]

1. e4 e5 2. Nf3 Nf6 3. Qe2 d6 4. g3 Nc6 5. Bg2 g6 6. O-O Bg7 7. c3 O-O 8. Na3
Re8 9. d3 Bg4 10. h3 Bd7 11. Nc2 a5 12. Kh2 Qe7 13. Ne3 b5 14. Bd2 Rab8 15.
Rac1 Be6 16. a3 d5 17. exd5 Nxd5 18. Ng5 Qxg5 19. Nxd5 Qd8 20. Qf3 e4 21. dxe4
Ne5 22. Qd1 Nc4 23. Rc2 Nd6 24. Bf4 Rc8 25. Re1 Bf8 26. e5  1-0

[Event "2. Bundesliga West 2018/19"]
[Site "OMICRON Electronics"]
[Date "2018.12.08"]
[Round "4"]
[Board "2"]
[White "Everett, Elijah"]
[Black "Weindl, Alfred"]
[Result "1-0"]
[WhiteElo "2232"]
[BlackElo "2319"]
[PlyCount "55"]
[EventDate "2018.10.12"]
[EventType "team"]
[EventRounds "11"]
[EventCountry "AUT"]
[WhiteTeam "Pradl"]
[BlackTeam "Bregenz"]

1. e4 c5 2. Nf3 Nc6 3. d4 cxd4 4. Nxd4 Nf6 5. Nc3 d6 6. Bc4 e6 7. Be3 Be7 8.
Qe2 a6 9. O-O-O Qc7 10. Bb3 O-O 11. g4 Nxd4 12. Rxd4 b5 13. g5 Nd7 14. f4 Nc5
15. f5 exf5 16. Bd5 Rb8 17. exf5 Bxf5 18. Rf1 Bg6 19. h4 b4 20. h5 Bd3 21. Rxd3
Nxd3+ 22. Qxd3 bxc3 23. h6 cxb2+ 24. Kb1 Rb4 25. hxg7 Kxg7 26. Bd4+ Rxd4 27.
Qxd4+ Kg8 28. g6  1-0

[Event "2. Bundesliga West 2018/19"]
[Site "OMICRON Electronics"]
[Date "2018.12.08"]
[Round "4"]
[Board "3"]
[White "Dobosz, Henryk"]
[Black "Mittelberger, Peter"]
[Result "1-0"]
[WhiteElo "2399"]
[BlackElo "2199"]
[PlyCount "45"]
[EventDate "2018.10.12"]
[EventType "team"]
[EventRounds "11"]
[EventCountry "AUT"]
[WhiteTeam "Bregenz"]
[BlackTeam "Pradl"]

1. d4 g6 2. e4 Bg7 3. c4 d6 4. Nc3 Nc6 5. d5 Nd4 6. Be3 e5 7. dxe6 Nxe6 8. f4
Nf6 9. f5 gxf5 10. exf5 Nc5 11. Qf3 Qe7 12. O-O-O Nce4 13. Bd4 Nxc3 14. Bxc3
O-O 15. Re1 Qd8 16. Nh3 Bd7 17. Bd3 Bc6 18. Qg3 Kh8 19. Nf4 Rg8 20. Qh4 Ng4 21.
Re7 Bxc3 22. bxc3 Qf8 23. Ng6+  1-0

[Event "2. Bundesliga West 2018/19"]
[Site "OMICRON Electronics"]
[Date "2018.12.08"]
[Round "4"]
[Board "4"]
[White "Sucher, Johannes"]
[Black "Hess, Max"]
[Result "1/2-1/2"]
[WhiteElo "2172"]
[BlackElo "2326"]
[PlyCount "158"]
[EventDate "2018.10.12"]
[EventType "team"]
[EventRounds "11"]
[EventCountry "AUT"]
[WhiteTeam "Pradl"]
[BlackTeam "Bregenz"]

1. d4 Nf6 2. Bg5 d5 3. Nd2 c5 4. e3 Nc6 5. c3 Bf5 6. dxc5 e5 7. b4 h6 8. Qf3
Be6 9. Bxf6 gxf6 10. Rd1 f5 11. e4 fxe4 12. Nxe4 Bg7 13. Bc4 O-O 14. Bxd5 Nd4
15. cxd4 Qxd5 16. Nd6 exd4 17. Qxd5 Bxd5 18. Nf3 b6 19. Nxd4 a5 20. a3 axb4 21.
axb4 Ra4 22. N4f5 Bc3+ 23. Ke2 Be6 24. cxb6 Rb8 25. Nxh6+ Kf8 26. b7 Ra2+ 27.
Kf3 Bxb4 28. Nhf5 Ra3+ 29. Kf4 Ra4 30. Kg3 Ra6 31. h4 Ra5 32. Kf4 Ra4 33. Kf3
Ra5 34. Ke4 f6 35. f4 Bxf5+ 36. Nxf5 Rxb7 37. Nd4 Re7+ 38. Kf3 Ra3+ 39. Kg4
Rg7+ 40. Kf5 Ra5+ 41. Ke4 Re7+ 42. Kd3 Bd6 43. Rhe1 Ra3+ 44. Kc4 Ra4+ 45. Kd5
Rxe1 46. Rxe1 Bxf4 47. Re4 Ra5+ 48. Ke6 Be5 49. Nc6 Ra6 50. Kd7 Bb2 51. g4 Ra3
52. Re8+ Kg7 53. Re4 Rh3 54. Ne7 Kf7 55. Nf5 Rd3+ 56. Nd6+ Kg6 57. Ke6 Rb3 58.
h5+ Kh6 59. Rc4 Rb6 60. Kd7 Ra6 61. Rc8 Ra4 62. Rg8 Ra7+ 63. Ke6 Ra6 64. Kd5
Kh7 65. Rg6 Ra5+ 66. Ke4 Ra4+ 67. Kf3 Ra3+ 68. Ke2 Ra4 69. Nf5 Bc1 70. Kf3 Bg5
71. Nd6 Ra3+ 72. Ke4 Ra4+ 73. Kf5 Ra5+ 74. Ke6 Ra6 75. Kd7 Ra7+ 76. Kc8 Ra4 77.
Ne8 Kh8 78. Kd7 Rxg4 79. Ke6 Ra4  1/2-1/2

[Event "2. Bundesliga West 2018/19"]
[Site "OMICRON Electronics"]
[Date "2018.12.08"]
[Round "4"]
[Board "5"]
[White "Ciolek, Andreas"]
[Black "Mitterwald, Johannes"]
[Result "1-0"]
[WhiteElo "2247"]
[BlackElo "2163"]
[PlyCount "55"]
[EventDate "2018.10.12"]
[EventType "team"]
[EventRounds "11"]
[EventCountry "AUT"]
[WhiteTeam "Bregenz"]
[BlackTeam "Pradl"]

1. e4 c5 2. Nf3 d6 3. Bb5+ Bd7 4. Bxd7+ Qxd7 5. c4 Nf6 6. Nc3 g6 7. d4 cxd4 8.
Nxd4 Nc6 9. f3 Bg7 10. Be3 O-O 11. O-O Ne5 12. b3 a6 13. Qd2 e6 14. h3 Rfe8 15.
Rad1 Rad8 16. Bg5 Qc7 17. f4 Nc6 18. Nxc6 Qxc6 19. e5 dxe5 20. Qxd8 Rxd8 21.
Rxd8+ Ne8 22. Ne4 f6 23. Nxf6+ Bxf6 24. Bxf6 Kf7 25. fxe5 Qc5+ 26. Kh1 Nxf6 27.
exf6 e5 28. Rd7+  1-0

[Event "2. Bundesliga West 2018/19"]
[Site "OMICRON Electronics"]
[Date "2018.12.08"]
[Round "4"]
[Board "6"]
[White "Nussbaumer, Leon"]
[Black "Poettinger, Harald"]
[Result "0-1"]
[WhiteElo "1977"]
[BlackElo "2165"]
[PlyCount "110"]
[EventDate "2018.10.12"]
[EventType "team"]
[EventRounds "11"]
[EventCountry "AUT"]
[WhiteTeam "Pradl"]
[BlackTeam "Bregenz"]

1. e4 d6 2. d4 Nf6 3. Nc3 e5 4. Nf3 Nbd7 5. Bc4 Be7 6. h3 c6 7. Be3 b5 8. Bd3
Qc7 9. a3 Bb7 10. O-O O-O 11. dxe5 dxe5 12. Nh4 Bc5 13. Qd2 Rfe8 14. Nf5 Re6
15. b4 Bf8 16. Rae1 a6 17. f4 c5 18. fxe5 Nxe5 19. bxc5 Bxc5 20. Bxc5 Qxc5+ 21.
Kh1 Ng6 22. e5 Rxe5 23. Rxe5 Qxe5 24. Re1 Qc5 25. Nd1 Re8 26. Rxe8+ Nxe8 27.
Qb4 Qxb4 28. axb4 Nf4 29. Bf1 g6 30. Nd4 Nxh3 31. Nb3 Nf4 32. Nc5 Bc8 33. Ne3
Nc7 34. c4 Kf8 35. cxb5 axb5 36. Nc2 Nfe6 37. Ne4 Ke7 38. Nc3 Bd7 39. Na3 Nd4
40. Nab1 f5 41. Kg1 Kd6 42. Kf2 Ke5 43. Na3 Bc6 44. Bd3 h5 45. Bf1 h4 46. Bd3
g5 47. Nab1 f4 48. Na3 g4 49. Nab1 g3+ 50. Kg1 f3 51. Nd2 fxg2 52. Be4 Bxe4 53.
Ncxe4 h3 54. Nxg3 Nd5 55. Kf2 Nf4  0-1

[Event "2. Bundesliga West 2018/19"]
[Site "OMICRON Electronics"]
[Date "2018.12.08"]
[Round "4"]
[Board "1"]
[White "Berchtenbreiter, Maximilian"]
[Black "Spornberger, Andre"]
[Result "1/2-1/2"]
[WhiteElo "2426"]
[BlackElo "2313"]
[PlyCount "87"]
[EventDate "2018.10.12"]
[EventType "team"]
[EventRounds "11"]
[EventCountry "AUT"]
[WhiteTeam "Hohenems II"]
[BlackTeam "Rochade Rum"]

1. d4 e6 2. e4 d5 3. Nd2 Nf6 4. e5 Nfd7 5. Bd3 c5 6. c3 Nc6 7. Ne2 cxd4 8. cxd4
f6 9. exf6 Nxf6 10. Nf3 Bd6 11. O-O Qc7 12. Bg5 O-O 13. Bh4 Nh5 14. Qc2 h6 15.
Bg6 Rxf3 16. gxf3 Bxh2+ 17. Kh1 Nf4 18. Ng3 Nxg6 19. Qxg6 Bxg3 20. Bxg3 Qf7 21.
Qxf7+ Kxf7 22. Rac1 Bd7 23. Be5 Nxe5 24. Rc7 Nxf3 25. Rxd7+ Kf6 26. Rd1 b5 27.
Rd3 Nh4 28. Ra3 a6 29. Rd6 Nf5 30. Raxa6 Rxa6 31. Rxa6 Nxd4 32. Rb6 g5 33. b3
Ke7 34. a4 Kd7 35. a5 Kc7 36. Kg2 h5 37. Kh3 e5 38. b4 g4+ 39. Kg2 e4 40. Rh6
Nc2 41. Rh7+ Kb8 42. Rxh5 Nxb4 43. Rh6 d4 44. Rb6+  1/2-1/2

[Event "2. Bundesliga West 2018/19"]
[Site "OMICRON Electronics"]
[Date "2018.12.08"]
[Round "4"]
[Board "2"]
[White "Spornberger, Maximilian"]
[Black "Novkovic, Milan"]
[Result "0-1"]
[WhiteElo "2298"]
[BlackElo "2359"]
[PlyCount "112"]
[EventDate "2018.10.12"]
[EventType "team"]
[EventRounds "11"]
[EventCountry "AUT"]
[WhiteTeam "Rochade Rum"]
[BlackTeam "Hohenems II"]

1. d4 Nf6 2. Bf4 e6 3. e3 c5 4. c3 b6 5. Nd2 Bb7 6. Ngf3 Be7 7. h3 cxd4 8. exd4
O-O 9. Bd3 d6 10. O-O Nbd7 11. Bh2 a6 12. a4 Re8 13. Re1 Bc6 14. Qe2 Qc8 15.
Ng5 Nf8 16. Nge4 Nxe4 17. Bxe4 Qb7 18. Bxc6 Qxc6 19. Qf3 Qxf3 20. Nxf3 Nd7 21.
Nd2 d5 22. Nf3 Rec8 23. Ne5 Nxe5 24. Bxe5 b5 25. axb5 axb5 26. Kf1 f6 27. Bf4
Kf7 28. Ke2 g5 29. Bg3 Ke8 30. Kd3 Kd7 31. f3 Rg8 32. Rec1 h5 33. Rh1 h4 34.
Bh2 Bd6 35. Bxd6 Kxd6 36. Ra3 Rxa3 37. bxa3 Ra8 38. Ra1 e5 39. dxe5+ fxe5 40.
Ra2 Ra4 41. Ra1 Ke6 42. Ke2 d4 43. cxd4 b4 44. dxe5 bxa3 45. Ra2 Kxe5 46. Ke3
Ra8 47. Kd3 Kf4 48. Kd4 Ra7 49. Kd5 Kg3 50. Ke6 Ra5 51. Kf6 Kf4 52. Kg6 Ra6+
53. Kh5 Kf5 54. f4 gxf4 55. g4+ hxg3 56. h4 Ra8  0-1

[Event "2. Bundesliga West 2018/19"]
[Site "OMICRON Electronics"]
[Date "2018.12.08"]
[Round "4"]
[Board "3"]
[White "Hofer, Emilian"]
[Black "Moroder, Stefan"]
[Result "0-1"]
[WhiteElo "2208"]
[BlackElo "2158"]
[PlyCount "62"]
[EventDate "2018.10.12"]
[EventType "team"]
[EventRounds "11"]
[EventCountry "AUT"]
[WhiteTeam "Hohenems II"]
[BlackTeam "Rochade Rum"]

1. e4 c5 2. Nf3 d6 3. d4 cxd4 4. Nxd4 Nf6 5. Nc3 a6 6. Be2 e6 7. O-O Be7 8. f4
Qc7 9. Bf3 O-O 10. Kh1 Nc6 11. a4 Re8 12. Nb3 b6 13. e5 dxe5 14. fxe5 Nd7 15.
Bf4 Bb7 16. Qe1 Rad8 17. Qg3 Nf8 18. Rae1 Ng6 19. Bh5 Bh4 20. Qh3 Bxe1 21. Bxg6
fxg6 22. Rxe1 Nd4 23. Nxd4 Rxd4 24. Be3 Rd7 25. Bg5 Rf7 26. Qe3 Ref8 27. h3
Rf1+ 28. Rxf1 Rxf1+ 29. Kh2 Rf5 30. Bf4 Qc6 31. Qd2 Rxf4  0-1

[Event "2. Bundesliga West 2018/19"]
[Site "OMICRON Electronics"]
[Date "2018.12.08"]
[Round "4"]
[Board "4"]
[White "Jedinger, Andreas"]
[Black "Kranzl, Julian"]
[Result "1-0"]
[WhiteElo "2108"]
[BlackElo "2203"]
[PlyCount "85"]
[EventDate "2018.10.12"]
[EventType "team"]
[EventRounds "11"]
[EventCountry "AUT"]
[WhiteTeam "Rochade Rum"]
[BlackTeam "Hohenems II"]

1. e4 c5 2. Nf3 d6 3. d4 cxd4 4. Nxd4 Nf6 5. Nc3 a6 6. Qf3 g6 7. Be3 Bg7 8. h3
Nc6 9. O-O-O Nxd4 10. Bxd4 O-O 11. Nd5 Nxd5 12. Bxg7 Kxg7 13. exd5 Qa5 14. Kb1
e5 15. h4 h6 16. Qe3 Qb4 17. g3 Re8 18. a3 Qa5 19. Bg2 Bf5 20. h5 g5 21. Be4
Bd7 22. Qd3 Qc5 23. Bg6 Qd4 24. Qf3 fxg6 25. Rxd4 exd4 26. hxg6 Rf8 27. Qe4
Rae8 28. Qxd4+ Kxg6 29. Qb6 Rf6 30. Qxb7 Bf5 31. Qxa6 Be4 32. Qe2 Re5 33. Re1
Bf3 34. Qd3+ Ref5 35. Re3 Kg7 36. Qc3 h5 37. Qc7+ Kg6 38. Qd8 h4 39. Qh8 Bxd5
40. gxh4 Rxf2 41. h5+ Kf5 42. b3 Kg4 43. h6  1-0

[Event "2. Bundesliga West 2018/19"]
[Site "OMICRON Electronics"]
[Date "2018.12.08"]
[Round "4"]
[Board "5"]
[White "Novkovic, Julia"]
[Black "Berchtold, Clemens"]
[Result "0-1"]
[WhiteElo "2143"]
[BlackElo "2024"]
[PlyCount "76"]
[EventDate "2018.10.12"]
[EventType "team"]
[EventRounds "11"]
[EventCountry "AUT"]
[WhiteTeam "Hohenems II"]
[BlackTeam "Rochade Rum"]

1. e4 d6 2. d4 Nf6 3. Nc3 e5 4. Nf3 Nbd7 5. h3 c6 6. g4 Be7 7. g5 Nh5 8. h4 g6
9. Bh3 Qc7 10. Ne2 O-O 11. Bg4 Ng7 12. Ng3 exd4 13. Nxd4 Ne5 14. Bxc8 Qxc8 15.
f4 Qg4 16. Qxg4 Nxg4 17. h5 c5 18. h6 cxd4 19. hxg7 Rfc8 20. Rh4 h5 21. Ne2
Rxc2 22. Rh3 Bd8 23. b4 Bb6 24. Rd3 Re8 25. Kd1 Rc4 26. Rf3 Rxe4 27. Ng3 Ne3+
28. Bxe3 Rxe3 29. Rxe3 dxe3 30. f5 gxf5 31. Nxh5 Rxb4 32. Nf6+ Kxg7 33. Ke2 Kg6
34. Rg1 Rb2+ 35. Kd3 Rd2+ 36. Kc3 Bd4+ 37. Kb3 e2 38. Rh1 Bxf6  0-1

[Event "2. Bundesliga West 2018/19"]
[Site "OMICRON Electronics"]
[Date "2018.12.08"]
[Round "4"]
[Board "1"]
[White "Frank, Emanuel"]
[Black "Hoefelsauer, Thomas"]
[Result "1/2-1/2"]
[WhiteElo "2175"]
[BlackElo "2339"]
[PlyCount "124"]
[EventDate "2018.10.12"]
[EventType "team"]
[EventRounds "11"]
[EventCountry "AUT"]
[WhiteTeam "ASK Salzburg"]
[BlackTeam "Wolfurt"]

1. d4 Nf6 2. c4 a6 3. Nc3 c5 4. dxc5 e6 5. e4 Qc7 6. Be3 Bxc5 7. Bxc5 Qxc5 8.
Be2 O-O 9. Nf3 d6 10. a3 e5 11. O-O Bg4 12. b4 Qb6 13. Nd2 Be6 14. Nd5 Qd8 15.
Qb1 Nbd7 16. Qd3 Ne8 17. Ne3 Qg5 18. Nf5 Rd8 19. Rfd1 Nb6 20. Qe3 Qxe3 21. Nxe3
g6 22. Nf3 f6 23. Rac1 Rf7 24. c5 Nc8 25. c6 b5 26. Nd5 Nc7 27. a4 Bxd5 28.
exd5 Nb6 29. axb5 axb5 30. Rd2 Nbxd5 31. Bxb5 Nxb4 32. Rb1 Nba6 33. Bxa6 Nxa6
34. Rbd1 Rc7 35. Rxd6 Rxd6 36. Rxd6 Kf7 37. Nd2 Ke7 38. Nc4 Nc5 39. Rd1 Rxc6
40. Ne3 Ke6 41. Rd8 Ra6 42. f3 Ra3 43. Kf2 Nd3+ 44. Ke2 Nf4+ 45. Kf2 Ra2+ 46.
Kf1 h5 47. h4 Ra1+ 48. Kf2 Ra2+ 49. Kf1 Ke7 50. Rb8 f5 51. Rb6 Ra3 52. Kf2 Rxe3
53. Rb7+ Ke6 54. Kxe3 Nxg2+ 55. Kf2 Nxh4 56. Kg3 g5 57. Rh7 f4+ 58. Kf2 Nf5 59.
Rxh5 Kf6 60. Rh8 Nd4 61. Rf8+ Ke6 62. Re8+ Kf6  1/2-1/2

[Event "2. Bundesliga West 2018/19"]
[Site "OMICRON Electronics"]
[Date "2018.12.08"]
[Round "4"]
[Board "2"]
[White "Matt, Fabian"]
[Black "Burschowsky, Matthias"]
[Result "1-0"]
[WhiteElo "2228"]
[BlackElo "2227"]
[PlyCount "120"]
[EventDate "2018.10.12"]
[EventType "team"]
[EventRounds "11"]
[EventCountry "AUT"]
[WhiteTeam "Wolfurt"]
[BlackTeam "ASK Salzburg"]

1. e4 c5 2. Nf3 g6 3. d4 cxd4 4. Qxd4 Nf6 5. e5 Nc6 6. Qa4 Nd5 7. Qe4 Nb6 8.
Bb5 Bg7 9. Nc3 d5 10. exd6 Qxd6 11. Bf4 Qe6 12. Be5 f6 13. Bd4 O-O 14. Bxc6
bxc6 15. Qxe6+ Bxe6 16. O-O-O Bg4 17. a4 Rfd8 18. Bc5 Kf7 19. Rxd8 Rxd8 20. Re1
e5 21. a5 Nc4 22. Re4 Be6 23. Bxa7 Ra8 24. Bb6 Ra6 25. Na4 Nxa5 26. Rb4 Bf8 27.
Bc5 Bh6+ 28. Kd1 Ra8 29. b3 Rd8+ 30. Ke1 Rd7 31. Rb6 Bd5 32. Bb4 Nb7 33. Ra6
Nd8 34. Nc5 Rc7 35. Ba5 Rc8 36. Ra7+ Kg8 37. c4 Bf7 38. Nd2 Ne6 39. Nde4 Nxc5
40. Nxc5 Bg7 41. Ne4 Rb8 42. Bc7 Rf8 43. Bd6 Re8 44. Be7 Rb8 45. Bxf6 Bxf6 46.
Nxf6+ Kg7 47. Nxh7 Kxh7 48. Rxf7+ Kh6 49. Rf3 Kg5 50. Kd2 e4 51. Re3 Kf4 52.
g3+ Kf5 53. Kc3 c5 54. f3 exf3 55. Rxf3+ Ke5 56. Rf7 Rb6 57. Re7+ Kd6 58. Re4
Kd7 59. Re5 Kd6 60. Rd5+ Kc6  1-0

[Event "2. Bundesliga West 2018/19"]
[Site "OMICRON Electronics"]
[Date "2018.12.08"]
[Round "4"]
[Board "3"]
[White "Scheiblmaier, Robert"]
[Black "Neuberger, Guido"]
[Result "1-0"]
[WhiteElo "2192"]
[BlackElo "2251"]
[PlyCount "141"]
[EventDate "2018.10.12"]
[EventType "team"]
[EventRounds "11"]
[EventCountry "AUT"]
[WhiteTeam "ASK Salzburg"]
[BlackTeam "Wolfurt"]

1. d4 d5 2. c4 c6 3. cxd5 cxd5 4. Nc3 Nc6 5. e4 dxe4 6. d5 Ne5 7. Qa4+ Bd7 8.
Qxe4 Ng4 9. Nb5 Qb6 10. Be3 Nxe3 11. Qxe3 Rc8 12. Qxb6 axb6 13. Nf3 e6 14. dxe6
Bb4+ 15. Kd1 Bxe6 16. Bd3 Nf6 17. a3 Bb3+ 18. Ke2 Bc5 19. Nbd4 Bd5 20. Bb5+ Kf8
21. Rhd1 g6 22. Kf1 Kg7 23. Rac1 Rhd8 24. b4 Bd6 25. h3 Bf4 26. Rxc8 Rxc8 27.
Ne2 Bxf3 28. gxf3 Be5 29. f4 Bb2 30. Rd3 Rc2 31. f3 h5 32. Rb3 Ba1 33. Bd3 Rb2
34. Rxb2 Bxb2 35. a4 Nd5 36. Be4 Nxb4 37. Bxb7 Kf6 38. Kf2 Nd3+ 39. Ke3 Nc5 40.
Bc6 h4 41. Bb5 Kf5 42. Bd3+ Nxd3 43. Kxd3 Ke6 44. Kc4 Kd6 45. Kb3 Bg7 46. Kc4
Bh6 47. Kb5 Kc7 48. Nc3 Kd6 49. Ne2 Kd5 50. Kxb6 Kc4 51. a5 Bf8 52. Kc6 Bc5 53.
Nc3 Ba7 54. Nd5 Kb3 55. a6 Ka4 56. Kb7 Bc5 57. Nb6+ Kb5 58. a7 Bxb6 59. a8=Q
Bd4 60. Qe8+ Kc4 61. Qxf7+ Kd3 62. Qxg6+ Ke3 63. Qe4+ Kf2 64. Qxd4+ Kg3 65. f5
Kxh3 66. Qg4+ Kh2 67. Qxh4+ Kg2 68. f6 Kxf3 69. f7 Kg2 70. f8=Q Kg1 71. Qff2#
 1-0

[Event "2. Bundesliga West 2018/19"]
[Site "OMICRON Electronics"]
[Date "2018.12.08"]
[Round "4"]
[Board "4"]
[White "Janko, Ladislav"]
[Black "Loeffler, Christoph"]
[Result "1-0"]
[WhiteElo "2179"]
[BlackElo "2125"]
[PlyCount "109"]
[EventDate "2018.10.12"]
[EventType "team"]
[EventRounds "11"]
[EventCountry "AUT"]
[WhiteTeam "Wolfurt"]
[BlackTeam "ASK Salzburg"]

1. e4 c6 2. d4 d5 3. e5 Bf5 4. Nc3 e6 5. g4 Bg6 6. Nge2 c5 7. Be3 Nc6 8. dxc5
Nxe5 9. Nd4 a6 10. h4 h5 11. f4 Nxg4 12. Bg1 N8h6 13. Bd3 Bxd3 14. Qxd3 g6 15.
O-O-O Qf6 16. Ndb5 Qxf4+ 17. Kb1 Be7 18. Rf1 Qb8 19. Nd4 Nf5 20. Nxf5 gxf5 21.
Bd4 Bf6 22. Nxd5 exd5 23. Qxf5 Rh6 24. Bxf6 Nxf6 25. Rhg1 Qc7 26. Qg5 Rg6 27.
Qe3+ Qe7 28. Qd2 Rxg1 29. Rxg1 O-O-O 30. Rf1 Ne4 31. Qf4 Qxc5 32. a3 f6 33. Re1
Rg8 34. Qf5+ Kd8 35. Rd1 Rg1 36. Qxh5 Rxd1+ 37. Qxd1 Ke7 38. h5 d4 39. h6 Ng5
40. Qh1 Qc8 41. h7 Qh8 42. Qxb7+ Kf8 43. Qxa6 Kg7 44. Qa7+ Kg6 45. Qxd4 Qxh7
46. a4 Qe7 47. b4 Qe1+ 48. Kb2 Ne4 49. a5 Qe2 50. a6 Qxa6 51. Qxe4+ f5 52. Qf4
Qa4 53. Qd2 Qb5 54. Kb3 Qe5 55. Qc3  1-0

[Event "2. Bundesliga West 2018/19"]
[Site "OMICRON Electronics"]
[Date "2018.12.08"]
[Round "4"]
[Board "5"]
[White "Herrmann, Michael"]
[Black "Wagner, Leopold Franziskus"]
[Result "1/2-1/2"]
[WhiteElo "2124"]
[BlackElo "1941"]
[PlyCount "115"]
[EventDate "2018.10.12"]
[EventType "team"]
[EventRounds "11"]
[EventCountry "AUT"]
[WhiteTeam "ASK Salzburg"]
[BlackTeam "Wolfurt"]

1. c4 e5 2. g3 Nc6 3. Bg2 g6 4. Nc3 Bg7 5. d3 f5 6. e4 d6 7. Nge2 Nge7 8. O-O
O-O 9. f4 Nd4 10. Nxd4 exd4 11. Nd5 c6 12. Nxe7+ Qxe7 13. Re1 Qf7 14. Bd2 fxe4
15. Bxe4 Bf5 16. Qf3 Rae8 17. Bxf5 Qxf5 18. Rxe8 Rxe8 19. Re1 Rxe1+ 20. Bxe1 h5
21. Bb4 c5 22. Bd2 Kh7 23. Kf2 b6 24. Kg2 Qd7 25. b3 a6 26. Qa8 Qg4 27. Qf3 Qd7
28. a4 b5 29. axb5 axb5 30. h3 b4 31. Qa8 Qe6 32. Qe4 Qf5 33. g4 hxg4 34. Qxf5
gxf5 35. hxg4 Kg6 36. Kh3 Bh6 37. Kh4 Bf8 38. Be1 Bh6 39. Bg3 Bf8 40. Kh3 Bh6
41. Kg2 Bf8 42. Kh3 Bh6 43. Kh4 Bg7 44. Be1 Bh6 45. Kg3 Bg7 46. Kf3 Bf6 47. Bg3
Be7 48. Bh2 Bf8 49. Bg1 Be7 50. Bf2 Bf6 51. Be1 Be7 52. Bg3 Bd8 53. Kg2 fxg4
54. f5+ Kxf5 55. Bxd6 Bb6 56. Kg3 Ke6 57. Bf8 Kf7 58. Bd6  1/2-1/2

[Event "2. Bundesliga West 2018/19"]
[Site "OMICRON Electronics"]
[Date "2018.12.08"]
[Round "4"]
[Board "6"]
[White "Kalcher, Mathias"]
[Black "Wollrab, Richard"]
[Result "0-1"]
[WhiteElo "2070"]
[BlackElo "2145"]
[PlyCount "58"]
[EventDate "2018.10.12"]
[EventType "team"]
[EventRounds "11"]
[EventCountry "AUT"]
[WhiteTeam "Wolfurt"]
[BlackTeam "ASK Salzburg"]

1. c4 Nf6 2. Nf3 g6 3. Nc3 Bg7 4. e4 d6 5. d4 O-O 6. Be2 e5 7. O-O Nc6 8. d5
Ne7 9. Ne1 Nd7 10. Be3 f5 11. f3 f4 12. Bf2 g5 13. Rc1 Ng6 14. Nb5 b6 15. b4 a6
16. Nc3 Rf7 17. Nd3 Bf8 18. c5 bxc5 19. bxc5 Nf6 20. Na4 g4 21. cxd6 cxd6 22.
Kh1 g3 23. hxg3 Nh5 24. gxf4 exf4 25. Qe1 Qg5 26. Kh2 Rg7 27. Rh1 Nh4 28. Nxf4
Qxg2+ 29. Nxg2 Rxg2#  0-1

[Event "2. Bundesliga West 2018/19"]
[Site "OMICRON Electronics"]
[Date "2018.12.08"]
[Round "4"]
[Board "1"]
[White "Bertagnolli, Alexander"]
[Black "Breneis, Lukas"]
[Result "1/2-1/2"]
[WhiteElo "2375"]
[BlackElo "2192"]
[PlyCount "71"]
[EventDate "2018.10.12"]
[EventType "team"]
[EventRounds "11"]
[EventCountry "AUT"]
[WhiteTeam "Kufstein/Woergl"]
[BlackTeam "SPG Oberland"]

1. d4 Nf6 2. Bg5 d5 3. Bxf6 exf6 4. Nd2 c6 5. c3 Bf5 6. Qb3 Qb6 7. f3 Bd6 8. e4
Be6 9. exd5 Qxb3 10. axb3 Bxd5 11. Bc4 Bxc4 12. Nxc4 Bc7 13. Ne2 Nd7 14. b4 f5
15. Kf2 a6 16. Nc1 O-O-O 17. Nd3 g6 18. Rhe1 Rhe8 19. g3 Re6 20. Nc5 Nxc5 21.
bxc5 g5 22. Re2 Rde8 23. Rae1 h5 24. Rxe6 Rxe6 25. Rxe6 fxe6 26. Ne5 Bxe5 27.
dxe5 Kd7 28. h4 g4 29. fxg4 hxg4 30. Ke3 Ke7 31. Kf4 a5 32. b3 Kf7 33. Kg5 Kg7
34. Kh5 Kh7 35. Kg5 Kg7 36. Kh5  1/2-1/2

[Event "2. Bundesliga West 2018/19"]
[Site "OMICRON Electronics"]
[Date "2018.12.08"]
[Round "4"]
[Board "2"]
[White "Schnegg, Anna-Lena"]
[Black "Koepke, Christian"]
[Result "1-0"]
[WhiteElo "2184"]
[BlackElo "2316"]
[PlyCount "113"]
[EventDate "2018.10.12"]
[EventType "team"]
[EventRounds "11"]
[EventCountry "AUT"]
[WhiteTeam "SPG Oberland"]
[BlackTeam "Kufstein/Woergl"]

1. c4 c6 2. e4 d5 3. cxd5 cxd5 4. exd5 Nf6 5. Nc3 Nxd5 6. d4 g6 7. Nf3 Bg7 8.
Bb5+ Bd7 9. Qb3 Nxc3 10. bxc3 O-O 11. O-O Qc7 12. Bg5 Bxb5 13. Qxb5 Nc6 14.
Rfd1 Rac8 15. Rac1 Rfd8 16. Kh1 b6 17. Qe2 Re8 18. Qe4 e6 19. Bf4 Qd7 20. c4
Rcd8 21. Bg5 f6 22. Be3 e5 23. d5 f5 24. Qb1 Ne7 25. Bg5 h6 26. Bxe7 Qxe7 27.
Qb5 Rd6 28. c5 bxc5 29. Qxc5 Red8 30. Rc2 Qf7 31. Rcd2 g5 32. Ne1 g4 33. Nc2 f4
34. Kg1 Bf8 35. Qc4 Qf5 36. Nb4 f3 37. Nc6 R8d7 38. Re1 fxg2 39. Nxe5 Re7 40.
Rde2 h5 41. Re4 Bg7 42. Nc6 Rxe4 43. Rxe4 Kh8 44. Ne7 Qd7 45. Qc1 Bh6 46. Qb2+
Bg7 47. Qb8+ Qd8 48. Qxa7 Bf6 49. Qe3 Kg7 50. Nf5+ Kg6 51. Nxd6 Qxd6 52. Re6
Qxd5 53. Qe4+ Qxe4 54. Rxe4 Kf5 55. Rc4 h4 56. Kxg2 h3+ 57. Kg1  1-0